Statistics for EA Sports FC 24 - Top 10 Highest Rated Women's Players

Click here to take the quiz!

General Stats

  • This quiz has been taken 33 times
  • The average score is 5 of 10

Answer Stats

HintAnswer% Correct
91 CMAlexia Putellas
90%
90 STSam Kerr
90%
90 CMAitana Bonmati
87%
90 RWCaroline Hansen
53%
89 STAda Hegerberg
50%
89 STAlex Morgan
47%
89 RWKadidiatou Diani
47%
90 CMNadine Kessler
20%
89 LBSonia Bompastor
20%
89 CBMaria Cebrian
0%

Score Distribution

Percentile by Number Answered

Percent of People with Each Score

Your Score History

You have not taken this quiz